Vista normal
Vista MARC
Entrada Topical Term
Número de registros utilizados en: 3
001 - CONTROL NUMBER
- control field: 23519
003 - CONTROL NUMBER IDENTIFIER
- control field: OSt
005 - DATE AND TIME OF LATEST TRANSACTION
- control field: 20230915231051.0
008 - FIXED-LENGTH DATA ELEMENTS
- fixed length control field: 230915|| aca||aabn | a|a d
040 ## - CATALOGING SOURCE
- Original cataloging agency: OSt
- Transcribing agency: OSt
150 ## - HEADING--TOPICAL TERM
- Topical term or geographic name entry element: COLOMBIA - DERECHO CONSTITUCIONAL
670 ## - SOURCE DATA FOUND
- Source citation: Work cat.: (OSt)26294: Colombia .Ministerio del Interior.Dirección general de asuntos políticos y electorales, 23517, Conmemoración y evaluación de los diez años de vigencia de la constitución política de Colombia, 2002